El libro de arena /
Guardado en:
| Autor Principal: | |
|---|---|
| Formato: | Libro |
| Publicado: |
Madrid :
Alianza,
2010
|
| Materias: | |
| Etiquetas: |
Agregar Etiqueta
Sin Etiquetas, Sea el primero en etiquetar este registro!
|
| LEADER | 00529nam a22001815a 4500 | ||
|---|---|---|---|
| 001 | EHU.bham040652 | ||
| 003 | AR-BHAM | ||
| 005 | 20110304114934.0 | ||
| 008 | 130507s2010##################000#0#####d | ||
| 020 | |a 9788420633138 | ||
| 082 | A | 8 | |a 863.4 |
| 100 | 1 | |a Borges, Jorge Luis | |
| 245 | 1 | 0 | |a El libro de arena / |c Jorge Luis Borges |
| 260 | |a Madrid : |b Alianza, |c 2010 | ||
| 300 | |a 141 p. | ||
| 653 | |a Literatura argentina | ||
| 653 | |a Cuento argentino-1901-1999 | ||
| 859 | |a AR-BHAM |b BIB. HUMANIDADES - General |h A863.4 |i B644-16 |k A |p 582.10 |t Ej.1 | ||
